Drama remaja utusan 1

Bibliographic Details
Main Author: Abdul Kadir Ahmad
Format: Book
Published: Kuala Lumpur : Utusan Publications & Distrubutors Sdn.Bhd. , 1993
Subjects:

MARC

LEADER 00000cam a2200000 7i4500
001 0000001325
002 000001460
005 20000330.0
020 |a 9676102784 
090 0 0 |a 899.282   |b ABD 
100 0 |a Abdul Kadir Ahmad 
245 1 0 |a Drama remaja utusan 1   |c Abdul Kadir Ahmad 
260 |a Kuala Lumpur :   |b Utusan Publications & Distrubutors Sdn.Bhd. ,   |c 1993 
300 |a 43p. ;   |c 21cm. 
650 0 0 |a Malay drama 
999 |a 030679   |b BUKU   |c PINJAMAN   |e PERPUSTAKAAN KOMUNITI PETALING JAYA 
999 |a 030680   |b BUKU   |c PINJAMAN   |e PERPUSTAKAAN KOMUNITI PETALING JAYA